UBT Library

I'll drink to that : (Record no. 39056)

000 -LEADER
fixed length control field 00865cam a2200253 a 4500
001 - CONTROL NUMBER
control field 14808955
005 - DATE AND TIME OF LATEST TRANSACTION
control field 20171218051103.0
008 - FIXED-LENGTH DATA ELEMENTS--GENERAL INFORMATION
fixed length control field 070416s2007 nyua 001 0deng
010 ## - LIBRARY OF CONGRESS CONTROL NUMBER
LC control number 2007016024
020 ## - INTERNATIONAL STANDARD BOOK NUMBER
International Standard Book Number 1592403204
020 ## - INTERNATIONAL STANDARD BOOK NUMBER
International Standard Book Number 9781592403202
035 ## - SYSTEM CONTROL NUMBER
System control number (OCoLC)ocn144228853
040 ## - CATALOGING SOURCE
Original cataloging agency DLC
Transcribing agency DLC
Modifying agency IG#
-- BTCTA
-- YDXCP
-- BAKER
-- JED
-- IK2
-- VP@
-- JID
-- SMP
-- DLC
041 ## - LANGUAGE CODE
Language code of text/sound track or separate title eng
043 ## - GEOGRAPHIC AREA CODE
Geographic area code e-fr---
080 ## - UNIVERSAL DECIMAL CLASSIFICATION NUMBER
Universal Decimal Classification number 641.2 RUD
082 00 - DEWEY DECIMAL CLASSIFICATION NUMBER
Classification number 641.2 RUD
Edition number 22
100 1# - Rafti
Rafti 4
101 ## - Shkurtesa
Shkurtesa SHM
245 10 - TITLE STATEMENT
Title I'll drink to that :
Statement of responsibility, etc Rudolph Chelminski.
906 ## - LOCAL DATA ELEMENT F, LDF (RLIN)
a 7
b cbc
c orignew
d 1
e ecip
f 20
g y-gencatlg
942 ## - ADDED ENTRY ELEMENTS (KOHA)
Source of classification or shelving scheme
Item type Books
Holdings
Withdrawn status Lost status Source of classification or shelving scheme Damaged status Not for loan Collection code Permanent location Current location Shelving location Date acquired Total Checkouts Full call number Barcode Date last seen Price effective from Koha item type
          Koleksioni i përgjithshem UBT - Lipjan UBT - Lipjan Koleksioni i përgjithshem 12/18/2017   641.2 RUD 002-29594 12/18/2017 12/18/2017 Books
UBT Library © 2015-2024. All rights reserved University Education for Business and Technology